书目信息 |
| 题名: |
超靓美腿女王
|
|
| 作者: | ;朵琳编辑室 编著 | |
| 分册: | ||
| 出版信息: | 南宁 广西科学技术出版社 2008.05 |
|
| 页数: | 68页 | |
| 开本: | 19×21cm | |
| 丛书名: | 无敌女人系列 | |
| 单 册: | ||
| 中图分类: | R161 | |
| 科图分类: | ||
| 主题词: | 女性--nu xing--腿部--健美 | |
| 电子资源: | ||
| ISBN: | 978-7-80763-022-7 | |
| 000 | 00890nam 2200253 450 | |
| 001 | 012009545499 | |
| 005 | 20091128113709.71 | |
| 010 | @a978-7-80763-022-7@dCNY18.00 | |
| 100 | @a20091128d2008 em y0chiy0120 ea | |
| 101 | 0 | @achi |
| 102 | @aCN@b450000 | |
| 105 | @aac z 000yy | |
| 106 | @ar | |
| 200 | 1 | @a超靓美腿女王@Achao liang mei tui nu wang@f朵琳编辑室编著@Fduo lin bian ji shi bian zhu |
| 210 | @a南宁@c广西科学技术出版社@d2008.05 | |
| 215 | @a68页@c图, 肖像@d19×21cm | |
| 225 | 2 | @a无敌女人系列@Awu di nu ren xi lie |
| 330 | @a本书主要内容包括:你是哪种腿?不良姿势V.S.正确姿势;赶走下半身水肿必学妙招;让腿更直更瘦更美的实用体操;美腿按摩霜大推荐等。 | |
| 410 | 0 | @12001 @a无敌女人系列 |
| 606 | 0 | @a女性@Anu xing@x腿部@x健美 |
| 690 | @aR161@v4 | |
| 711 | 02 | @a朵琳编辑室@Aduo lin bian ji shi@4编著 |
| 801 | 0 | @aCN@bQSSK@c20091128 |
| 905 | @b766641-43@dR161@eD992@f3 | |
| 超靓美腿女王/朵琳编辑室编著.-南宁:广西科学技术出版社,2008.05 |
| 68页:图, 肖像;19×21cm.-(无敌女人系列) |
| ISBN 978-7-80763-022-7:CNY18.00 |
| 本书主要内容包括:你是哪种腿?不良姿势V.S.正确姿势;赶走下半身水肿必学妙招;让腿更直更瘦更美的实用体操;美腿按摩霜大推荐等。 |
| ● |
| 相关链接 |
|
|
|
正题名:超靓美腿女王
索取号:R161/D992
 
预约/预借
| 序号 | 登录号 | 条形码 | 馆藏地/架位号 | 状态 | 备注 |
| 1 | 766641 | 207666417 | 自科库401/401自科库 3排2列3层/ [索取号:R161/D992] | 在馆 | |
| 2 | 766642 | 207666426 | 自科库401/401自科库 3排2列3层/ [索取号:R161/D992] | 在馆 | |
| 3 | 766643 | 207666435 | 自科库401/401自科库 3排2列3层/ [索取号:R161/D992] | 在馆 |